00323nam a2200109Ia 4500008004100000041000800041082001400049100001100063245008700074260003300161300001900194241028s9999 xx 000 0 und d aeng a519.5 SHA aSharma aStatistic For Business And Economics : Using Microsoft Excel & Powered By IBM-SPSS bWiley IndiaaNew Delhic2022 a526;. P. 28 cm